Galdós visto por sí mismo / (Record no. 36765)

MARC details
000 -LEADER
campo de control de longitud fija 00653nam a2200193 i 4500
001 - NÚMERO DE CONTROL
campo de control 36765
003 - IDENTIFICADOR DE NÚMERO DE CONTROL
campo de control ES-MaACL
005 - FECHA Y HORA DE LA ÚLTIMA TRANSACCIÓN
campo de control 20231215062946.0
007 - CAMPO FIJO DE DESCRIPCIÓN FÍSICA--INFORMACIÓN GENERAL
campo de control de longitud fija t|
008 - DATOS DE LONGITUD FIJA--INFORMACIÓN GENERAL
campo de control de longitud fija 030219s1970 sp af |||| |bspa d
100 1# - ENTRADA PRINCIPAL--NOMBRE DE PERSONA
Nombre de persona Bravo-Villasante, Carmen,
Fechas asociadas al nombre 1918-1994
9 (RLIN) 31507
245 10 - MENCIÓN DEL TÍTULO
Título Galdós visto por sí mismo /
Mención de responsabilidad, etc. Carmen Bravo-Villasante.
260 ## - PUBLICACIÓN, DISTRIBUCIÓN, ETC.
Lugar de publicación, distribución, etc. Madrid :
Nombre del editor, distribuidor, etc. Magisterio Español,
Fecha de publicación, distribución, etc. [1970]
300 ## - DESCRIPCIÓN FÍSICA
Extensión 316 p., 2 lám. :
Otras características físicas il. ;
Dimensiones 18 cm.
600 14 - PUNTO DE ACCESO ADICIONAL DE MATERIA--NOMBRE DE PERSONA
Nombre de persona Pérez Galdós, Benito,
Fechas asociadas al nombre 1843-1920-
Subdivisión general Biografías
9 (RLIN) 90874
600 14 - PUNTO DE ACCESO ADICIONAL DE MATERIA--NOMBRE DE PERSONA
Nombre de persona Pérez Galdós, Benito,
Fechas asociadas al nombre 1843-1920-
Subdivisión general Crítica e interpretación
9 (RLIN) 90875
852 ## - LOCALIZACIÓN
Ubicación ES-MaACL
Número de control de estantería C-40338
Holdings
Estatus retirado Estado de pérdida Estado de daño No para préstamo Biblioteca de origen Biblioteca actual Ubicación en estantería Fecha de adquisición Fuente de adquisición Total de préstamos Signatura topográfica completa Código de barras Visto por última vez Precio de reemplazo Tipo de ítem Koha
        Biblioteca del Ateneo de Madrid Biblioteca del Ateneo de Madrid Depósito 2 17/01/2008     C-40338 1038659 23/02/2023 23/02/2023 Libro impreso